| 000 | 00418 a2200145 4500 | ||
|---|---|---|---|
| 005 | 20250415114924.0 | ||
| 020 | _a0-256-01692-5 | ||
| 082 | _a658.85 KUR | ||
| 100 | _aKURTZ, D. L. | ||
| 245 | _aProfessional Selling | ||
| 260 |
_aDallas, _bBusiness Publications, _c1976. |
||
| 300 |
_axiii, 401p., ill., table, figure, _bGlossary, index, _c23cm. |
||
| 700 | _aDODGE, H. R. & KLOMPMAKER, J. E. | ||
| 942 |
_2ddc _cBKS |
||
| 999 |
_c1453 _d1453 |
||